Engaging Indigenous Economy (Record no. 351097)
[ view plain ]
| 000 -LEADER | |
|---|---|
| fixed length control field | 00616nam a2200133Ia 4500 |
| 008 - FIXED-LENGTH DATA ELEMENTS--GENERAL INFORMATION | |
| fixed length control field | 171212s9999 xx 000 0 und d |
| 020 ## - INTERNATIONAL STANDARD BOOK NUMBER | |
| International Standard Book Number | 9781760460037 |
| 245 ## - TITLE STATEMENT | |
| Statement of responsibility, etc | editor Sanders, Will |
| Title | Engaging Indigenous Economy |
| Remainder of title | Debating diverse approaches |
| 260 ## - PUBLICATION, DISTRIBUTION, ETC. (IMPRINT) | |
| Name of publisher, distributor, etc | ANU E Press |
| Date of publication, distribution, etc | 2016 |
| 440 ## - SERIES STATEMENT/ADDED ENTRY--TITLE | |
| Title | Centre for Aboriginal Economic Policy Research (CAEPR) |
| 650 ## - SUBJECT ADDED ENTRY--TOPICAL TERM | |
| Topical term or geographic name as entry element | Aboriginal Australians -- Economic conditions; Aboriginal Australians -- Land tenure; Business enterprises, Aboriginal Australian; Australia -- Ethnic relations -- Economic aspects |
| 650 ## - SUBJECT ADDED ENTRY--TOPICAL TERM | |
| Topical term or geographic name as entry element | Sociology |
| 856 ## - ELECTRONIC LOCATION AND ACCESS | |
| Uniform Resource Identifier | <a href="http://jstor.org/stable/j.ctt1d10hpt">http://jstor.org/stable/j.ctt1d10hpt</a> |
| Withdrawn status | Lost status | Damaged status | Home library | Current library | Date acquired | Total Checkouts | Date last seen | Price effective from | Koha item type |
|---|---|---|---|---|---|---|---|---|---|
| College Library | College Library | 12/12/2017 | 12/12/2017 | 12/12/2017 | Curriculum - Based eBooks |